El fin del mundo antiguo y el comienzo de la edad media
Guardat en:
| Autor principal: | |
|---|---|
| Format: | Llibre |
| Idioma: | espanyol |
| Publicat: |
México, D.F.
UTEHA.
c1956.
|
| Matèries: | |
| Etiquetes: |
Afegir etiqueta
Sense etiquetes, Sigues el primer a etiquetar aquest registre!
|
MARC
| LEADER | 00000nam a22000005a 4500 | ||
|---|---|---|---|
| 001 | 19683 | ||
| 003 | CL-ChBUA | ||
| 005 | 20120815103729.0 | ||
| 008 | 070301s1956 mx 000 0 spa | ||
| 040 | |a CL-ChBUA |c CL-ChBUA | ||
| 082 | 0 | 0 | |a 940.1 |
| 090 | |c 19683 |d 19683 | ||
| 100 | 1 | |a Lot, Ferdinand. | |
| 245 | 1 | 0 | |a El fin del mundo antiguo y el comienzo de la edad media |
| 260 | |b UTEHA. |a México, D.F. |c c1956. | ||
| 300 | |a v.47, xxiv, 437 p. |c 22 cm. | ||
| 504 | |a Indice. | ||
| 650 | 4 | |a HISTORIA ANTIGUA. | |
| 650 | 4 | |a HISTORIA MEDIEVAL. | |
| 942 | |c LIB | ||
| 952 | |0 0 |1 0 |4 0 |7 0 |9 26899 |a UNACH |b UNACH |c 900 |d 2007-03-05 |i 6.134. |l 0 |o 940.1 / L 882. |p 27898 |r 2026-03-27 10:43:29 |u 26899 |w 2012-08-08 |y LIB |k 940.1 / L 882. | ||
| 999 | |c 19683 |d 19683 | ||